[Event "DVM U12 2023"]
[Site "Magdeburg GER"]
[Date "2023.12.28"]
[Round "4"]
[White "Wartenberg, Alexander"]
[Black "Kovalskyy, Alicia"]
[Result "1-0"]
[Termination "normal"]
[Board "6.1"]
[WhiteElo "1695"]
[BlackElo "1577"]
[WhiteClock "00:01:53"]
[BlackClock "00:10:14"]
[WhiteTeam "Hamburger SK 1830"]
[BlackTeam "Düsseldorfer SV 1854"]
[PlyCount "85"]
[WhiteFideId "16280768"]
[BlackFideId "34612130"]
[EventCountry "GER"]
[EventRounds "7"]
[EventType "team-swiss"]
[EventDate "2023.12.26"]

1. e4 {[%clk 01:30:58]} {[%emt 00:00:02]} e5 {[%clk 01:30:56]} {[%emt
00:00:05]} 2. Nf3 {[%clk 01:31:24]} {[%emt 00:00:05]} Nc6 {[%clk 01:31:22]}
{[%emt 00:00:03]} 3. d4 {[%clk 01:31:51]} {[%emt 00:00:03]} exd4 {[%clk
01:31:47]} {[%emt 00:00:05]} 4. Nxd4 {[%clk 01:32:17]} {[%emt 00:00:03]} Nf6
{[%clk 01:32:11]} {[%emt 00:00:06]} 5. Nc3 {[%clk 01:32:44]} {[%emt 00:00:03]}
Bb4 {[%clk 01:32:36]} {[%emt 00:00:05]} 6. Nxc6 {[%clk 01:33:06]} {[%emt
00:00:07]} bxc6 {[%clk 01:33:02]} {[%emt 00:00:04]} 7. Bd3 {[%clk 01:33:31]}
{[%emt 00:00:05]} d5 {[%clk 01:33:24]} {[%emt 00:00:08]} 8. exd5 {[%clk
01:33:40]} {[%emt 00:00:21]} O-O {[%clk 01:33:43]} {[%emt 00:00:10]} 9. O-O
{[%clk 01:34:05]} {[%emt 00:00:07]} cxd5 {[%clk 01:34:10]} {[%emt 00:00:04]}
10. Bg5 {[%clk 01:34:19]} {[%emt 00:00:15]} c6 {[%clk 01:34:35]} {[%emt
00:00:05]} 11. Qf3 {[%clk 01:34:01]} {[%emt 00:00:48]} Bd6 {[%clk 01:34:49]}
{[%emt 00:00:15]} 12. Bxf6 {[%clk 01:31:41]} {[%emt 00:02:51]} Qxf6 {[%clk
01:35:13]} {[%emt 00:00:07]} 13. Qxf6 {[%clk 01:31:53]} {[%emt 00:00:18]} gxf6
{[%clk 01:35:38]} {[%emt 00:00:05]} 14. Ne2 {[%clk 01:28:58]} {[%emt 00:03:25]}
Be5 {[%clk 01:34:13]} {[%emt 00:01:54]} 15. Rab1 {[%clk 01:28:17]} {[%emt
00:01:11]} Rb8 {[%clk 01:31:25]} {[%emt 00:03:18]} 16. b3 {[%clk 01:28:31]}
{[%emt 00:00:17]} Re8 {[%clk 01:27:13]} {[%emt 00:04:40]} 17. Rfe1 {[%clk
01:26:46]} {[%emt 00:02:17]} Bd7 {[%clk 01:24:23]} {[%emt 00:03:20]} 18. Ng3
{[%clk 01:24:10]} {[%emt 00:03:07]} Bc3 {[%clk 01:21:45]} {[%emt 00:03:04]} 19.
Rxe8+ {[%clk 01:24:08]} {[%emt 00:00:36]} Rxe8 {[%clk 01:22:08]} {[%emt
00:00:07]} 20. Kf1 {[%clk 01:19:29]} {[%emt 00:05:08]} Re5 {[%clk 01:15:36]}
{[%emt 00:06:57]} 21. Ne2 {[%clk 01:16:34]} {[%emt 00:03:30]} Ba5 {[%clk
01:15:29]} {[%emt 00:00:32]} 22. b4 {[%clk 01:12:19]} {[%emt 00:04:50]} Bb6
{[%clk 01:15:48]} {[%emt 00:00:10]} 23. Re1 {[%clk 01:10:45]} {[%emt 00:02:04]}
Bf5 {[%clk 01:13:02]} {[%emt 00:03:13]} 24. f4 {[%clk 01:06:38]} {[%emt
00:04:40]} Re4 {[%clk 01:07:35]} {[%emt 00:05:57]} 25. Bxe4 {[%clk 01:05:07]}
{[%emt 00:02:02]} Bxe4 {[%clk 01:07:53]} {[%emt 00:00:11]} 26. c3 {[%clk
00:41:02]} {[%emt 00:24:36]} Be3 {[%clk 01:03:24]} {[%emt 00:04:58]} 27. Ra1
{[%clk 00:35:08]} {[%emt 00:06:25]} Kf8 {[%clk 00:56:10]} {[%emt 00:07:42]} 28.
g3 {[%clk 00:32:22]} {[%emt 00:03:17]} Ke7 {[%clk 00:54:29]} {[%emt 00:02:09]}
29. Ke1 {[%clk 00:30:29]} {[%emt 00:02:26]} Kd7 {[%clk 00:54:00]} {[%emt
00:00:59]} 30. Nd4 {[%clk 00:26:14]} {[%emt 00:04:44]} Kc7 {[%clk 00:45:16]}
{[%emt 00:09:14]} 31. Rd1 {[%clk 00:19:41]} {[%emt 00:07:08]} Kb6 {[%clk
00:37:30]} {[%emt 00:08:09]} 32. Ke2 {[%clk 00:15:43]} {[%emt 00:04:32]} Bxd4
{[%clk 00:37:53]} {[%emt 00:00:06]} 33. Rxd4 {[%clk 00:16:00]} {[%emt
00:00:13]} Kb5 {[%clk 00:35:18]} {[%emt 00:03:05]} 34. Ke3 {[%clk 00:05:16]}
{[%emt 00:11:14]} f5 {[%clk 00:31:36]} {[%emt 00:04:12]} 35. h3 {[%clk
00:03:53]} {[%emt 00:01:53]} h5 {[%clk 00:30:24]} {[%emt 00:01:43]} 36. h4
{[%clk 00:03:08]} {[%emt 00:01:15]} a6 {[%clk 00:23:50]} {[%emt 00:07:03]} 37.
Ke2 {[%clk 00:02:30]} {[%emt 00:01:09]} Bb1 {[%clk 00:21:28]} {[%emt 00:02:49]}
38. Kd2 {[%clk 00:01:34]} {[%emt 00:01:28]} Bxa2 {[%clk 00:12:37]} {[%emt
00:09:21]} 39. Kc2 {[%clk 00:01:52]} {[%emt 00:00:11]} Bc4 {[%clk 00:10:41]}
{[%emt 00:02:26]} 40. Rd1 {[%clk 00:01:54]} {[%emt 00:00:28]} Ka4 {[%clk
00:10:21]} {[%emt 00:00:51]} 41. Ra1+ {[%clk 00:02:01]} {[%emt 00:00:23]} Kb5
{[%clk 00:10:45]} {[%emt 00:00:06]} 42. Re1 {[%clk 00:02:26]} {[%emt 00:00:05]}
d4 {[%clk 00:10:14]} {[%emt 00:01:01]} 43. Re5+ {[%clk 00:01:53]} {[%emt
00:01:03]} 1-0

[Event "DVM U12 2023"]
[Site "Magdeburg GER"]
[Date "2023.12.28"]
[Round "4"]
[White "Heil, Felix"]
[Black "Schmitz, Constantin"]
[Result "0-1"]
[Termination "normal"]
[Board "6.3"]
[WhiteElo "1289"]
[BlackElo "1544"]
[WhiteClock "00:20:48"]
[BlackClock "01:17:09"]
[WhiteTeam "Hamburger SK 1830"]
[BlackTeam "Düsseldorfer SV 1854"]
[PlyCount "64"]
[WhiteFideId "34604901"]
[BlackFideId "16274660"]
[EventCountry "GER"]
[EventRounds "7"]
[EventType "team-swiss"]
[EventDate "2023.12.26"]

1. e4 {[%clk 01:30:52]} {[%emt 00:00:08]} c5 {[%clk 01:30:38]} {[%emt
00:00:22]} 2. Nf3 {[%clk 01:28:19]} {[%emt 00:03:03]} Nc6 {[%clk 01:29:45]}
{[%emt 00:01:24]} 3. c3 {[%clk 01:27:30]} {[%emt 00:01:18]} d5 {[%clk
01:29:10]} {[%emt 00:01:05]} 4. d3 {[%clk 01:23:19]} {[%emt 00:04:42]} dxe4
{[%clk 01:29:17]} {[%emt 00:00:22]} 5. dxe4 {[%clk 01:21:56]} {[%emt 00:01:52]}
Qxd1+ {[%clk 01:29:34]} {[%emt 00:00:14]} 6. Kxd1 {[%clk 01:22:17]} {[%emt
00:00:12]} Bg4 {[%clk 01:29:55]} {[%emt 00:00:06]} 7. Be2 {[%clk 01:22:28]}
{[%emt 00:00:19]} Nf6 {[%clk 01:29:11]} {[%emt 00:01:14]} 8. Nbd2 {[%clk
01:21:57]} {[%emt 00:01:01]} Rd8 {[%clk 01:28:49]} {[%emt 00:00:50]} 9. Ke1
{[%clk 01:21:50]} {[%emt 00:02:49]} Bxf3 {[%clk 01:28:11]} {[%emt 00:00:47]}
10. Bxf3 {[%clk 01:21:30]} {[%emt 00:00:50]} Ne5 {[%clk 01:28:14]} {[%emt
00:00:27]} 11. Be2 {[%clk 01:14:21]} {[%emt 00:07:40]} g6 {[%clk 01:28:02]}
{[%emt 00:00:42]} 12. Bb5+ {[%clk 01:14:15]} {[%emt 00:00:36]} Nfd7 {[%clk
01:27:19]} {[%emt 00:01:13]} 13. f4 {[%clk 01:14:03]} {[%emt 00:00:42]} a6
{[%clk 01:27:16]} {[%emt 00:00:32]} 14. Be2 {[%clk 01:13:03]} {[%emt 00:01:30]}
Nc6 {[%clk 01:27:09]} {[%emt 00:00:36]} 15. Nf3 {[%clk 01:06:18]} {[%emt
00:07:17]} e5 {[%clk 01:25:35]} {[%emt 00:02:03]} 16. g3 {[%clk 01:03:47]}
{[%emt 00:03:02]} Bg7 {[%clk 01:23:21]} {[%emt 00:02:43]} 17. Be3 {[%clk
00:58:37]} {[%emt 00:05:40]} O-O {[%clk 01:22:51]} {[%emt 00:00:55]} 18. Kf2
{[%clk 00:58:42]} {[%emt 00:00:31]} b6 {[%clk 01:20:46]} {[%emt 00:02:34]} 19.
Bxa6 {[%clk 00:58:11]} {[%emt 00:01:01]} f5 {[%clk 01:20:17]} {[%emt 00:00:58]}
20. Bd3 {[%clk 00:50:19]} {[%emt 00:08:22]} exf4 {[%clk 01:18:39]} {[%emt
00:02:08]} 21. Bxf4 {[%clk 00:47:07]} {[%emt 00:03:42]} Nde5 {[%clk 01:18:21]}
{[%emt 00:00:47]} 22. Nxe5 {[%clk 00:45:03]} {[%emt 00:02:35]} Nxe5 {[%clk
01:17:48]} {[%emt 00:01:03]} 23. Bxe5 {[%clk 00:42:38]} {[%emt 00:02:56]} fxe4+
{[%clk 01:18:09]} {[%emt 00:00:08]} 24. Ke1 {[%clk 00:40:19]} {[%emt 00:02:50]}
exd3 {[%clk 01:18:13]} {[%emt 00:00:26]} 25. Bxg7 {[%clk 00:39:41]} {[%emt
00:01:08]} Kxg7 {[%clk 01:18:29]} {[%emt 00:00:15]} 26. Rf1 {[%clk 00:36:01]}
{[%emt 00:04:10]} Rfe8+ {[%clk 01:17:11]} {[%emt 00:01:48]} 27. Kd1 {[%clk
00:33:25]} {[%emt 00:03:04]} Re2 {[%clk 01:16:56]} {[%emt 00:00:43]} 28. Rb1
{[%clk 00:28:29]} {[%emt 00:05:30]} Rxh2 {[%clk 01:16:40]} {[%emt 00:00:46]}
29. a4 {[%clk 00:26:22]} {[%emt 00:02:37]} Rf8 {[%clk 01:16:17]} {[%emt
00:00:53]} 30. Rxf8 {[%clk 00:25:53]} {[%emt 00:00:59]} Kxf8 {[%clk 01:16:35]}
{[%emt 00:00:12]} 31. b4 {[%clk 00:22:44]} {[%emt 00:03:39]} Rh1+ {[%clk
01:16:47]} {[%emt 00:00:18]} 32. Kd2 {[%clk 00:20:48]} {[%emt 00:02:26]} Rxb1
{[%clk 01:17:09]} {[%emt 00:00:08]} 0-1

[Event "DVM U12 2023"]
[Site "Magdeburg GER"]
[Date "2023.12.28"]
[Round "4"]
[White "Akcapinar, Timur"]
[Black "Vorderbrüggen, Quinn"]
[Result "1-0"]
[Termination "normal"]
[Board "6.4"]
[WhiteElo "1478"]
[BlackElo "1126"]
[WhiteClock "00:58:18"]
[BlackClock "00:47:30"]
[WhiteTeam "Düsseldorfer SV 1854"]
[BlackTeam "Hamburger SK 1830"]
[PlyCount "81"]
[WhiteFideId "16287509"]
[EventCountry "GER"]
[EventRounds "7"]
[EventType "team-swiss"]
[EventDate "2023.12.26"]

1. e4 {[%clk 01:30:57]} {[%emt 00:00:03]} e5 {[%clk 01:30:50]} {[%emt
00:00:10]} 2. Nc3 {[%clk 01:31:21]} {[%emt 00:00:06]} Nf6 {[%clk 01:30:50]}
{[%emt 00:00:30]} 3. d4 {[%clk 01:31:08]} {[%emt 00:00:43]} exd4 {[%clk
01:29:19]} {[%emt 00:02:01]} 4. Qxd4 {[%clk 01:30:28]} {[%emt 00:01:11]} Nc6
{[%clk 01:29:38]} {[%emt 00:00:10]} 5. Qd3 {[%clk 01:30:23]} {[%emt 00:00:36]}
Bc5 {[%clk 01:24:44]} {[%emt 00:05:23]} 6. Bf4 {[%clk 01:29:40]} {[%emt
00:01:13]} O-O {[%clk 01:21:17]} {[%emt 00:03:57]} 7. Qd2 {[%clk 01:28:33]}
{[%emt 00:01:37]} Re8 {[%clk 01:18:14]} {[%emt 00:03:33]} 8. f3 {[%clk
01:27:26]} {[%emt 00:01:37]} d5 {[%clk 01:11:09]} {[%emt 00:07:34]} 9. O-O-O
{[%clk 01:25:57]} {[%emt 00:02:00]} d4 {[%clk 01:10:34]} {[%emt 00:01:06]} 10.
Na4 {[%clk 01:18:57]} {[%emt 00:07:30]} Bb4 {[%clk 01:05:30]} {[%emt 00:05:34]}
11. c3 {[%clk 01:15:29]} {[%emt 00:03:58]} dxc3 {[%clk 01:05:26]} {[%emt
00:00:34]} 12. Qxd8 {[%clk 01:15:40]} {[%emt 00:00:20]} Rxd8 {[%clk 01:05:41]}
{[%emt 00:00:14]} 13. Rxd8+ {[%clk 01:15:40]} {[%emt 00:00:31]} Nxd8 {[%clk
01:06:04]} {[%emt 00:00:06]} 14. Nxc3 {[%clk 01:15:26]} {[%emt 00:00:44]} Bxc3
{[%clk 01:06:18]} {[%emt 00:00:16]} 15. bxc3 {[%clk 01:15:50]} {[%emt
00:00:06]} Be6 {[%clk 01:03:49]} {[%emt 00:02:58]} 16. Kb2 {[%clk 01:14:41]}
{[%emt 00:01:39]} c5 {[%clk 01:03:00]} {[%emt 00:01:20]} 17. Bd3 {[%clk
01:08:50]} {[%emt 00:06:21]} Nh5 {[%clk 01:00:46]} {[%emt 00:02:45]} 18. Bd6
{[%clk 01:07:38]} {[%emt 00:01:42]} c4 {[%clk 00:59:40]} {[%emt 00:01:36]} 19.
Bc2 {[%clk 01:04:57]} {[%emt 00:03:11]} Nc6 {[%clk 00:57:48]} {[%emt 00:02:21]}
20. Ne2 {[%clk 01:04:18]} {[%emt 00:01:10]} f6 {[%clk 00:56:17]} {[%emt
00:02:01]} 21. g4 {[%clk 01:03:49]} {[%emt 00:00:59]} Rd8 {[%clk 00:56:14]}
{[%emt 00:00:31]} 22. Rd1 {[%clk 01:03:48]} {[%emt 00:00:33]} Ne5 {[%clk
00:51:51]} {[%emt 00:04:52]} 23. Bxe5 {[%clk 01:02:12]} {[%emt 00:02:07]} Rxd1
{[%clk 00:52:06]} {[%emt 00:00:15]} 24. Bxd1 {[%clk 01:02:37]} {[%emt
00:00:04]} fxe5 {[%clk 00:52:26]} {[%emt 00:00:11]} 25. gxh5 {[%clk 01:02:56]}
{[%emt 00:00:11]} b5 {[%clk 00:52:21]} {[%emt 00:00:35]} 26. Ka3 {[%clk
01:02:49]} {[%emt 00:00:37]} a5 {[%clk 00:51:45]} {[%emt 00:01:05]} 27. Ng3
{[%clk 00:58:46]} {[%emt 00:04:33]} g5 {[%clk 00:50:37]} {[%emt 00:01:38]} 28.
Nf5 {[%clk 00:56:20]} {[%emt 00:02:56]} Bxf5 {[%clk 00:50:03]} {[%emt
00:01:04]} 29. exf5 {[%clk 00:56:42]} {[%emt 00:00:09]} Kf7 {[%clk 00:48:29]}
{[%emt 00:02:04]} 30. Bc2 {[%clk 00:57:00]} {[%emt 00:00:11]} h6 {[%clk
00:48:22]} {[%emt 00:00:37]} 31. Be4 {[%clk 00:57:00]} {[%emt 00:00:30]} Kf6
{[%clk 00:47:55]} {[%emt 00:00:57]} 32. h3 {[%clk 00:57:12]} {[%emt 00:00:19]}
Ke7 {[%clk 00:46:44]} {[%emt 00:01:40]} 33. Bc6 {[%clk 00:56:20]} {[%emt
00:01:23]} Kf6 {[%clk 00:46:48]} {[%emt 00:00:26]} 34. Bxb5 {[%emt 00:01:00]}
Kxf5 {[%clk 00:47:05]} {[%emt 00:00:12]} 35. Bxc4 {[%clk 00:56:13]} {[%emt
00:00:09]} Kf4 {[%clk 00:47:10]} {[%emt 00:00:25]} 36. Bd5 {[%clk 00:56:34]}
{[%emt 00:00:08]} Kg3 {[%clk 00:47:31]} {[%emt 00:00:09]} 37. c4 {[%clk
00:56:50]} {[%emt 00:00:14]} Kxh3 {[%clk 00:47:35]} {[%emt 00:00:26]} 38. c5
{[%clk 00:57:16]} {[%emt 00:00:04]} g4 {[%clk 00:47:28]} {[%emt 00:00:38]} 39.
fxg4 {[%clk 00:57:36]} {[%emt 00:00:10]} Kxg4 {[%clk 00:47:52]} {[%emt
00:00:06]} 40. c6 {[%clk 00:58:00]} {[%emt 00:00:06]} Kxh5 {[%clk 00:47:30]}
{[%emt 00:00:52]} 41. c7 {[%clk 00:58:18]} {[%emt 00:00:11]} 1-0

[Event "DVM U12 2023"]
[Site "Magdeburg GER"]
[Date "2023.12.28"]
[Round "4"]
[White "Mehner, Clara"]
[Black "Dodul, Arthur"]
[Result "1/2-1/2"]
[Termination "normal"]
[Board "7.1"]
[WhiteElo "1387"]
[BlackElo "1569"]
[WhiteClock "00:21:04"]
[BlackClock "00:57:31"]
[WhiteTeam "USG Chemnitz"]
[BlackTeam "Barnimer SF im SV Stahl Finow"]
[PlyCount "66"]
[WhiteFideId "34612165"]
[BlackFideId "34609016"]
[EventCountry "GER"]
[EventRounds "7"]
[EventType "team-swiss"]
[EventDate "2023.12.26"]

1. e4 {[%clk 01:30:59]} {[%emt 00:00:01]} e5 {[%clk 01:30:51]} {[%emt
00:00:09]} 2. Nf3 {[%clk 01:31:23]} {[%emt 00:00:05]} Nc6 {[%clk 01:31:16]}
{[%emt 00:00:06]} 3. d4 {[%clk 01:31:41]} {[%emt 00:00:11]} exd4 {[%clk
01:31:40]} {[%emt 00:00:05]} 4. Bc4 {[%clk 01:31:59]} {[%emt 00:00:13]} Nf6
{[%clk 01:32:05]} {[%emt 00:00:04]} 5. O-O {[%clk 01:32:06]} {[%emt 00:00:23]}
Nxe4 {[%clk 01:30:17]} {[%emt 00:02:18]} 6. Re1 {[%clk 01:31:50]} {[%emt
00:00:46]} d5 {[%clk 01:30:34]} {[%emt 00:00:14]} 7. Bxd5 {[%clk 01:31:59]}
{[%emt 00:00:21]} Qxd5 {[%clk 01:30:57]} {[%emt 00:00:07]} 8. Nc3 {[%clk
01:32:13]} {[%emt 00:00:15]} Qa5 {[%clk 01:27:04]} {[%emt 00:04:22]} 9. Nxe4
{[%clk 01:32:14]} {[%emt 00:00:30]} Be6 {[%clk 01:27:11]} {[%emt 00:00:23]} 10.
Neg5 {[%clk 01:31:36]} {[%emt 00:01:08]} O-O-O {[%clk 01:27:31]} {[%emt
00:00:09]} 11. Nxe6 {[%clk 01:31:36]} {[%emt 00:00:30]} fxe6 {[%clk 01:27:54]}
{[%emt 00:00:07]} 12. Rxe6 {[%clk 01:31:52]} {[%emt 00:00:15]} Bd6 {[%clk
01:28:06]} {[%emt 00:00:18]} 13. Bg5 {[%clk 01:24:30]} {[%emt 00:07:51]} Rde8
{[%clk 01:28:25]} {[%emt 00:00:12]} 14. Qe2 {[%clk 01:21:30]} {[%emt 00:03:29]}
Kd7 {[%clk 01:28:40]} {[%emt 00:00:15]} 15. Re1 {[%clk 01:17:11]} {[%emt
00:04:48]} Qxe1+ {[%clk 01:28:53]} {[%emt 00:00:18]} 16. Qxe1 {[%clk 01:15:38]}
{[%emt 00:02:04]} Rxe6 {[%clk 01:29:17]} {[%emt 00:00:06]} 17. Qd2 {[%clk
01:14:44]} {[%emt 00:01:23]} Rhe8 {[%clk 01:29:24]} {[%emt 00:00:23]} 18. g3
{[%clk 01:11:56]} {[%emt 00:03:18]} Re2 {[%clk 01:28:00]} {[%emt 00:01:56]} 19.
Qd3 {[%clk 01:10:57]} {[%emt 00:01:26]} R2e4 {[%clk 01:22:53]} {[%emt
00:05:37]} 20. Nd2 {[%clk 01:06:32]} {[%emt 00:04:56]} Re1+ {[%clk 01:22:59]}
{[%emt 00:00:23]} 21. Kg2 {[%clk 01:04:52]} {[%emt 00:02:10]} g6 {[%clk
01:18:26]} {[%emt 00:05:03]} 22. Nf3 {[%clk 00:57:19]} {[%emt 00:08:03]} R1e4
{[%clk 01:18:13]} {[%emt 00:00:42]} 23. Qb5 {[%clk 00:52:33]} {[%emt 00:05:18]}
Kc8 {[%clk 01:12:52]} {[%emt 00:05:49]} 24. Bf6 {[%clk 00:49:22]} {[%emt
00:03:42]} R8e6 {[%clk 01:10:51]} {[%emt 00:02:31]} 25. Bg7 {[%clk 00:42:39]}
{[%emt 00:07:13]} Re7 {[%clk 01:08:11]} {[%emt 00:03:07]} 26. Bf6 {[%clk
00:39:12]} {[%emt 00:04:00]} Re8 {[%clk 01:03:30]} {[%emt 00:05:11]} 27. Nxd4
{[%clk 00:37:38]} {[%emt 00:02:04]} Nxd4 {[%clk 01:03:13]} {[%emt 00:00:47]}
28. Bxd4 {[%clk 00:37:52]} {[%emt 00:00:16]} c6 {[%clk 01:01:00]} {[%emt
00:02:44]} 29. Qd3 {[%clk 00:37:01]} {[%emt 00:01:21]} a6 {[%clk 01:00:45]}
{[%emt 00:00:43]} 30. Be3 {[%clk 00:31:11]} {[%emt 00:06:21]} R4e6 {[%clk
00:59:12]} {[%emt 00:02:01]} 31. Qc4 {[%clk 00:24:24]} {[%emt 00:07:19]} Re4
{[%clk 00:58:16]} {[%emt 00:01:23]} 32. Qf7 {[%clk 00:21:52]} {[%emt 00:03:04]}
R4e7 {[%clk 00:58:33]} {[%emt 00:00:13]} 33. Qc4 {[%clk 00:21:04]} {[%emt
00:01:19]} Re4 {[%clk 00:57:31]} {[%emt 00:01:32]} 1/2-1/2

[Event "DVM U12 2023"]
[Site "Magdeburg GER"]
[Date "2023.12.28"]
[Round "4"]
[White "Madel, Luca"]
[Black "Li, Joshua"]
[Result "0-1"]
[Termination "normal"]
[Board "7.2"]
[WhiteElo "1335"]
[BlackElo "1368"]
[WhiteClock "01:00:32"]
[BlackClock "01:26:28"]
[WhiteTeam "Barnimer SF im SV Stahl Finow"]
[BlackTeam "USG Chemnitz"]
[PlyCount "96"]
[WhiteFideId "16296516"]
[BlackFideId "34623639"]
[EventCountry "GER"]
[EventRounds "7"]
[EventType "team-swiss"]
[EventDate "2023.12.26"]

1. d4 {[%clk 01:30:56]} {[%emt 00:00:04]} Nf6 {[%clk 01:30:55]} {[%emt
00:00:05]} 2. c4 {[%clk 01:29:48]} {[%emt 00:01:38]} c5 {[%clk 01:31:02]}
{[%emt 00:00:23]} 3. d5 {[%clk 01:29:33]} {[%emt 00:00:45]} b5 {[%clk
01:30:30]} {[%emt 00:01:03]} 4. b3 {[%clk 01:27:11]} {[%emt 00:02:52]} bxc4
{[%clk 01:30:28]} {[%emt 00:00:31]} 5. bxc4 {[%clk 01:27:14]} {[%emt 00:00:27]}
g6 {[%clk 01:30:52]} {[%emt 00:00:06]} 6. Bb2 {[%clk 01:25:58]} {[%emt
00:01:46]} Qb6 {[%clk 01:30:57]} {[%emt 00:00:25]} 7. Qb3 {[%clk 01:23:25]}
{[%emt 00:03:03]} Bg7 {[%clk 01:29:59]} {[%emt 00:01:27]} 8. Nd2 {[%clk
01:22:41]} {[%emt 00:01:14]} d6 {[%clk 01:30:05]} {[%emt 00:00:24]} 9. e4
{[%clk 01:22:13]} {[%emt 00:00:58]} Nbd7 {[%clk 01:29:55]} {[%emt 00:00:40]}
10. Bd3 {[%clk 01:21:08]} {[%emt 00:01:34]} Rb8 {[%clk 01:29:54]} {[%emt
00:00:32]} 11. Ngf3 {[%clk 01:20:03]} {[%emt 00:01:35]} O-O {[%clk 01:30:11]}
{[%emt 00:00:13]} 12. Rb1 {[%clk 01:12:38]} {[%emt 00:07:55]} Qa5 {[%clk
01:28:14]} {[%emt 00:02:28]} 13. Qa3 {[%clk 01:11:34]} {[%emt 00:01:32]} Qxa3
{[%clk 01:28:02]} {[%emt 00:00:43]} 14. Bxa3 {[%clk 01:11:44]} {[%emt
00:00:20]} Rxb1+ {[%clk 01:28:19]} {[%emt 00:00:12]} 15. Nxb1 {[%clk 01:11:41]}
{[%emt 00:00:33]} Ng4 {[%clk 01:28:36]} {[%emt 00:00:14]} 16. O-O {[%clk
01:10:54]} {[%emt 00:01:16]} Nge5 {[%clk 01:26:32]} {[%emt 00:02:35]} 17. Be2
{[%clk 01:09:38]} {[%emt 00:01:46]} Ba6 {[%clk 01:26:29]} {[%emt 00:00:32]} 18.
Nbd2 {[%clk 01:09:02]} {[%emt 00:00:59]} Rb8 {[%clk 01:25:19]} {[%emt
00:01:48]} 19. Nxe5 {[%clk 01:03:57]} {[%emt 00:05:35]} Nxe5 {[%clk 01:25:28]}
{[%emt 00:00:22]} 20. f4 {[%clk 01:03:58]} {[%emt 00:00:28]} Nd7 {[%clk
01:25:38]} {[%emt 00:00:20]} 21. Rb1 {[%clk 01:03:39]} {[%emt 00:00:49]} Rxb1+
{[%clk 01:24:01]} {[%emt 00:02:08]} 22. Nxb1 {[%clk 01:03:17]} {[%emt
00:00:52]} Bd4+ {[%clk 01:24:18]} {[%emt 00:00:16]} 23. Kf1 {[%clk 01:03:23]}
{[%emt 00:00:20]} Nb6 {[%clk 01:24:45]} {[%emt 00:00:03]} 24. Nd2 {[%clk
01:02:51]} {[%emt 00:01:00]} Be3 {[%clk 01:25:12]} {[%emt 00:00:06]} 25. Ke1
{[%clk 00:59:15]} {[%emt 00:04:06]} Bxf4 {[%clk 01:25:22]} {[%emt 00:00:21]}
26. g3 {[%clk 00:58:43]} {[%emt 00:01:02]} Bxd2+ {[%clk 01:25:32]} {[%emt
00:00:19]} 27. Kxd2 {[%clk 00:59:00]} {[%emt 00:00:13]} Bxc4 {[%clk 01:25:55]}
{[%emt 00:00:07]} 28. Bb2 {[%clk 00:58:50]} {[%emt 00:00:40]} Bxa2 {[%clk
01:26:09]} {[%emt 00:00:16]} 29. Kc3 {[%clk 00:58:36]} {[%emt 00:00:41]} Bb1
{[%clk 01:25:27]} {[%emt 00:01:15]} 30. Bf3 {[%clk 00:58:39]} {[%emt 00:00:27]}
Na4+ {[%clk 01:24:45]} {[%emt 00:01:13]} 31. Kb3 {[%clk 00:58:47]} {[%emt
00:00:19]} Nxb2 {[%clk 01:25:09]} {[%emt 00:00:09]} 32. Kxb2 {[%clk 00:59:01]}
{[%emt 00:00:16]} Bd3 {[%clk 01:25:34]} {[%emt 00:00:06]} 33. Kc3 {[%clk
00:58:56]} {[%emt 00:00:35]} Bb5 {[%clk 01:25:58]} {[%emt 00:00:06]} 34. Bg4
{[%clk 00:58:54]} {[%emt 00:00:30]} h5 {[%clk 01:25:54]} {[%emt 00:00:36]} 35.
Bf3 {[%clk 00:59:09]} {[%emt 00:00:14]} Kg7 {[%clk 01:26:05]} {[%emt 00:00:20]}
36. h4 {[%clk 00:59:04]} {[%emt 00:00:34]} Kh6 {[%clk 01:26:21]} {[%emt
00:00:15]} 37. g4 {[%clk 00:59:19]} {[%emt 00:00:16]} hxg4 {[%clk 01:26:26]}
{[%emt 00:00:25]} 38. Bxg4 {[%clk 00:59:43]} {[%emt 00:00:06]} a5 {[%clk
01:26:03]} {[%emt 00:00:52]} 39. Bf3 {[%clk 00:59:18]} {[%emt 00:00:55]} Kg7
{[%clk 01:26:25]} {[%emt 00:00:08]} 40. Bg4 {[%clk 00:59:30]} {[%emt 00:00:17]}
Kf6 {[%clk 01:26:45]} {[%emt 00:00:10]} 41. Bf3 {[%clk 00:59:32]} {[%emt
00:00:29]} Ke5 {[%clk 01:26:24]} {[%emt 00:00:52]} 42. h5 {[%clk 00:59:52]}
{[%emt 00:00:10]} gxh5 {[%clk 01:26:46]} {[%emt 00:00:07]} 43. Bxh5 {[%clk
01:00:11]} {[%emt 00:00:10]} Kxe4 {[%clk 01:26:35]} {[%emt 00:00:43]} 44. Bxf7
{[%clk 01:00:29]} {[%emt 00:00:12]} Bd7 {[%clk 01:26:22]} {[%emt 00:00:43]} 45.
Kc4 {[%clk 01:00:29]} {[%emt 00:00:31]} Ke5 {[%clk 01:26:16]} {[%emt 00:00:35]}
46. Bg8 {[%clk 01:00:11]} {[%emt 00:00:45]} e6 {[%clk 01:26:37]} {[%emt
00:00:11]} 47. Bf7 {[%clk 01:00:11]} {[%emt 00:00:30]} exd5+ {[%clk 01:26:23]}
{[%emt 00:00:44]} 48. Bxd5 {[%clk 01:00:32]} {[%emt 00:00:09]} Bb5+ {[%clk
01:26:28]} {[%emt 00:00:25]} 0-1